000 00374nam a22001577a 4500
999 _c1690
_d1690
008 200129b ||||| |||| 00| 0 eng d
082 0 0 _a671
_bN374
100 _91315
_aNeedam, W. Roland
245 1 0 _aFoundry work
_cby W Roland Needam
250 _a1st
260 _aLondon
_bBlackie Sons
_c1950
300 _av,164p.
365 _d2.08
650 0 _aFounding
942 _cBK